000 00463nam a2200193Ia 4500
005 20240823054926.0
008 240823s9999||||xx |||||||||||||| ||und||
020 _a1-56720-431-7
041 _aENGLISH
082 _A658.70285 P5
100 _aSandr Boyson
245 0 _aIn Real Time : Managing the New Supply Chain
250 _a1st
260 _c2005
_bPr
500 _aYES
650 _aManagement
_bManagement Studies
942 _cBK
999 _c227602
_d227602